| 000 | 00612nam a22001937a 4500 | ||
|---|---|---|---|
| 005 | 20151001122023.0 | ||
| 010 | _aENG-113772 | ||
| 020 |
_a9789383334209 _c1100.00 |
||
| 035 | _aEN- 97304 | ||
| 037 | _bDBAD/PUB | ||
| 082 | _a305.409 | ||
| 100 | _aDevi Laishram, R. | ||
| 245 |
_aGender history around the globe / _cby R. Devi Laishram |
||
| 260 |
_aDelhi _bA.K. Publications _c2014 |
||
| 270 |
_aB-61./E-1, Gali No.14, Jagat Puri Extn. Shahdara _bDelhi _e110093 |
||
| 300 |
_a272p. _c23cm(Hb) |
||
| 500 | _aIncludes bibliographical references and index | ||
| 942 |
_2ddc _cEN _mDEV _h305.409 |
||
| 999 |
_c95421 _d95421 |
||